1131 1058 1781 1673 1028 1140 1880 1776 1679 1502 1684 1289 1200 1562 1235 1591 1798 1504 1130 1149 1238 1187 1999 1916 1152 1793 1098 1198 1443 1890 1166 1045 1130 1542 1725 1420 1980 1081 1571 1656 1415 1560 1532 1812 1519 1654 1182 1650 1247 1574 1883 1937 1603 1841 1014 1898 1946 1944 1216 1452 1456 1422 1805 1952 1263 1025 1520 1006 1980 1296 1343 1424 1651 1767 1122 1603 1325 1217 1096 1182 1695 1504 1170 1337 1358 1143 1827 1991 1934 1344 1976 1634 1973 1430 1020 1427 1822 1930 1442 BCNSPRNW ULIB Ver.6.0+V

เปลี่ยนเป็นภาษาไทย

Change to English
 แสดงรายละเอียดบรรณานุกรม
  กลับหน้าหลัก

Brief Record : Get Marc (ISO 2709) : E-mail record : QR code < ปิดหน้าต่าง
LEADER : 00000nam 22004578a 4500
001    13399114492
003     ULIB
008    110822s2012 us b 001 0 eng d
020    ^a9780323069434
020    ^a0323069436
060 04 ^aWY161^bA189
245 00 ^aAcute & chronic wounds :^bcurrent management concepts /^ceditor by Bryant, Ruth A and Nix, Denise P.
246 1  ^aAcute and chronic wounds
250    ^a4th ed.
260    ^aSt. Louis :^bElsevier Mosby,^cc2012
300    ^axix, 627 p., [20] p. of plates :^bill. (some col.) ;^c28
500    ^aRev. ed. of: Acute and chronic wounds / [edited by] Ruth
500    ^aSend to Single Search
504    ^aIncludes bibliographical references and index
650  2 ^aWounds and Injuries^xnursing
650  2 ^aEnterostomy^xnursing
650  2 ^aPatient Care Planning
650  2 ^aWound Healing
700 1  ^aBryant, Ruth A.,^eed.
700 1  ^aNix, Denise P.,^eed.
730 0  ^aAcute and chronic wounds
945    ^p0^l0^i031614
995    ^a Kesorn
999 ^a ใช้งานได้ทุกระบบ
รายการนี้ยังไม่มีแท็ก
คุณยังไม่ได้ล็อกอิน คุณสามารถมีกิจกรรมร่วมกับเว็บไซต์ได้ แต่ต้องล็อกอินก่อน ::
  ล็อกอิน

รายการสื่อสารสนเทศ

ลำดับที่ ประเภท เลขเรียก/บาร์โค้ด สถานที่ สถานะ
- ไม่พบข้อมูล -

รายการใกล้เคียง
    หัวเรื่อง [Patient Care Planning]
    หัวเรื่อง [Wound Healing]

BibComment


ยังไม่เคยถูกคอมเมนท์

คอมเมนท์ทรัพยากรรายการนี้
  คอมเมนท์: Acute chronic w..


 Copyright 2026. Bcnsprnw @Library